DOTA 2 The International Winners Quiz - Statistics

General Stats
  • This quiz has been taken 341 times
    227 since last reset
  • The average score is 35 of 55
Answer Stats
Hint Position Answer % Correct
TI1 2 Dendi
91%
TI10 4 Mira
90%
TI7 5 KuroKy
89%
TI8 5 N0tail
89%
TI9 5 N0tail
89%
TI7 2 Miracle-
87%
TI8 2 Topson
87%
TI9 2 Topson
87%
TI8 3 7ckngMad
84%
TI9 3 7ckngMad
84%
TI8 1 ana
84%
TI9 1 ana
84%
TI1 4 Puppey
84%
TI5 2 SumaiL
82%
TI6 5 Y`
82%
TI8 4 JerAx
81%
TI9 4 JerAx
81%
TI10 2 TORONTOTOKYO
80%
TI10 1 Yatoro
78%
TI7 1 MATUMBAMAN
75%
TI10 3 Collapse
74%
TI1 3 XBOCT
72%
TI7 3 MinD_ContRoL
71%
TI3 2 s4
70%
TI7 4 GH
69%
TI5 3 UNiVeRsE
68%
TI3 3 AdmiralBulldog
67%
TI10 5 Miposhka
66%
TI11 3 33
64%
TI3 1 Loda
64%
TI5 1 Fear
63%
TI11 4 Saksa
60%
TI5 5 ppd
59%
TI5 4 Aui_2000
58%
TI1 1 Artstyle
57%
TI11 1 Skiter
57%
TI11 5 Sneyking
55%
TI2 5 Faith
54%
TI1 5 LightOfHeaven
54%
TI11 2 Nine
52%
TI6 3 Faith_bian
51%
TI2 4 ChuaN
49%
TI4 3 xiao8
44%
TI3 5 Akke
43%
TI2 2 Ferrari_430
40%
TI6 4 iceice
40%
TI6 1 Shadow
37%
TI3 4 EGM
36%
TI6 2 bLink
31%
TI4 1 Hao
31%
TI4 2 Mu
30%
TI4 4 Banana
25%
TI2 1 Zhou
24%
TI4 5 SanSheng
22%
TI2 3 YYF
20%
No matching quizzes found
Score Distribution
Percent of People with Each Score
Percentile by Number Answered
Your Score History
You have not taken this quiz since the last reset